000
00297nam a2200097Ia 4500
008
220204s9999 xx 000 0 und d
082
_a
339.562
_b
IMP;6
245
0
_a
Import trade control handbook of rules and procedure 1968-70, 1972-75, 1964-67
260
_a
India
_b
Ministry of commerce
942
_c
BK
999
_c
20711
_d
20711